00836naa#a2200181#i#4500001001500000005001700015011001400032100004100046102000700087200022000094210010500314215001000419608004500429700004600474700006400520700005000584856002000634RU\\bibl\5240620260702132613.4##a2500-3372##a20220815b2022####ek#y0rusy0150####ca##aRU1#aОценка эффективности деятельности органов исполнительной власти субъектов Российской ФедерацииeЖурнальная статья1#aКемеровоcКемеровский государственный университетd2022##a7 с.##aЖурнальная статья2local#1aКаганgЕлена Сергеевна#1aМедянцеваgСветлана Геннадьевна#1aРыжихgКсения Эдуардовна4#acheese.kemsu.ru